Relgamento del Colegio de Médicos de la provincia de Barcelona
Descripción Física:
35 p. ; 26 cm
MARC
| LEADER | 00000nam a2200000Ia 4500 | ||
|---|---|---|---|
| 001 | 21478 | ||
| 008 | 160829s1907 xx 000 0 cat d | ||
| 080 | |a RF-12-90 | ||
| 110 | 2 | |a Col·legi Oficial de Metges de Barcelona |9 69869 | |
| 245 | |a Relgamento del Colegio de Médicos de la provincia de Barcelona | ||
| 260 | |a Barcelona : |b Imprenta de la Casa Provincial de Caridad, |c 1907 | ||
| 300 | |a 35 p. ; |c 26 cm | ||
| 590 | |a Prové de 2323, exp. 9 | ||
| 650 | |a Col·legi Oficial de Metges de Barcelona |x Reglaments i procediment |9 43570 | ||
| 856 | 4 | |u https://media.diba.cat/diba/fitxers/arxiu/fulletons/bib_21478_1907_baixa.pdf |y Accés lliure | |
| 856 | 4 | |u https://media.diba.cat/diba/fitxers/arxiu/fulletons/bib_21478_1907_baixa.pdf |y Accés lliure | |
| 901 | |a Arxiu | ||
| 942 | |n 1 |2 udc | ||
| 952 | |0 0 |1 0 |4 0 |6 RF1290 |7 1 |9 51513 |a Arxiu |b Arxiu |d 2016-12-01 |l 0 |o RF-12-90 |p 21478 |r 2016-12-01 00:00:00 |w 2016-12-01 |y ARXIU | ||
| 999 | |c 55357 |d 55357 | ||
| 900 | |a bib_21478_1907_baixa.pdf | ||